Críticas y aportación de Pedro Martínez de Osma (+1480) al método teológico / (Record no. 182820)
[ view plain ]
| 000 -LEADER | |
|---|---|
| campo de control de longitud fija | 01052nam a2200265 i 4500 |
| 001 - NÚMERO DE CONTROL | |
| campo de control | 182820 |
| 003 - IDENTIFICADOR DE NÚMERO DE CONTROL | |
| campo de control | ES-MaACL |
| 005 - FECHA Y HORA DE LA ÚLTIMA TRANSACCIÓN | |
| campo de control | 20250830063513.0 |
| 008 - DATOS DE LONGITUD FIJA--INFORMACIÓN GENERAL | |
| campo de control de longitud fija | 131107s1984 sp | |||| ||spa d |
| 020 ## - NÚMERO INTERNACIONAL ESTÁNDAR DEL LIBRO | |
| Número Internacional Estándar del Libro | 84-000-5877-1 |
| 080 ## - NÚMERO DE LA CLASIFICACIÓN DECIMAL UNIVERSAL | |
| Número de la Clasificación Decimal Universal | 23:001.8(091) |
| 080 ## - NÚMERO DE LA CLASIFICACIÓN DECIMAL UNIVERSAL | |
| Número de la Clasificación Decimal Universal | 23 Martínez de Osma, Pedro |
| 100 1# - ENTRADA PRINCIPAL--NOMBRE DE PERSONA | |
| Nombre de persona | Cardó Guinaldo, María Teresa. |
| 9 (RLIN) | 152920 |
| 245 10 - MENCIÓN DEL TÍTULO | |
| Título | Críticas y aportación de Pedro Martínez de Osma (+1480) al método teológico / |
| Mención de responsabilidad, etc. | María Teresa Cardó Guinaldo, Klaus Reinhardt, Horacio Santiago-Otero. |
| 260 ## - PUBLICACIÓN, DISTRIBUCIÓN, ETC. | |
| Lugar de publicación, distribución, etc. | Madrid : |
| Nombre del editor, distribuidor, etc. | Instituto Francisco Suárez del C.S.I.C., |
| Fecha de publicación, distribución, etc. | 1984. |
| 300 ## - DESCRIPCIÓN FÍSICA | |
| Extensión | 41 p. ; |
| Dimensiones | 24 cm. |
| 490 1# - MENCIÓN DE SERIE | |
| Mención de serie | Humanismo, reforma y teología ; |
| Designación de volumen o secuencia | cuaderno 57. |
| Mención de serie | Serie Estudios ; |
| Designación de volumen o secuencia | 19 |
| 600 14 - PUNTO DE ACCESO ADICIONAL DE MATERIA--NOMBRE DE PERSONA | |
| Nombre de persona | Martínez de Osma, Pedro. |
| 9 (RLIN) | 153791 |
| 650 04 - PUNTO DE ACCESO ADICIONAL DE MATERIA--TÉRMINO DE MATERIA | |
| Término de materia o nombre geográfico como elemento de entrada | Teología- |
| Subdivisión general | Metodología |
| 9 (RLIN) | 17462 |
| 700 10 - ENTRADA AGREGADA--NOMBRE PERSONAL | |
| Nombre de persona | Reinhardt, Klaus. |
| 9 (RLIN) | 96057 |
| 700 10 - ENTRADA AGREGADA--NOMBRE PERSONAL | |
| Nombre de persona | Santiago-Otero, Horacio. |
| 9 (RLIN) | 103408 |
| 830 00 - PUNTO DE ACCESO ADICIONAL DE SERIE-TÍTULO UNIFORME | |
| Título uniforme | Humanismo, reforma y teología |
| Designación de volumen o secuencia | cuaderno 57. |
| -- | 19 |
| 9 (RLIN) | 224899 |
| 852 ## - LOCALIZACIÓN | |
| Ubicación | ES-MaACL |
| Número de control de estantería | 2329-F-32 |
| Estatus retirado | Estado de pérdida | Estado de daño | No para préstamo | Colección | Biblioteca de origen | Biblioteca actual | Ubicación en estantería | Fecha de adquisición | Fuente de adquisición | Total de préstamos | Signatura topográfica completa | Código de barras | Visto por última vez | Precio de reemplazo | Tipo de ítem Koha |
|---|---|---|---|---|---|---|---|---|---|---|---|---|---|---|---|
| Colección de folletos | Biblioteca del Ateneo de Madrid | Biblioteca del Ateneo de Madrid | Depósito folletos | 07/11/2013 | 2329-F-32 | 1192136 | 23/02/2023 | 23/02/2023 | Folleto |
